000 00603nam a2200241Ia 4500
003 OSt
005 20220924152227.0
006 a|||||r|||| 00| 0
007 ta
008 220923b |||||||| |||| 00| 0 mar d
020 _c20.00
024 _a341644
037 _cTextual
040 _aARTS
_cARTS
_bmar
041 _2mar
_amar
082 _aO155,6M93x, L7
100 _aPhadke Y.D.
_9103604
245 0 _aKetkar lekh sangraha
260 _c1977
650 _aMARATHI LITERATURE
_938000
942 _hO155,6M93x, L7
_cTEXL
_2CC
999 _c469197
_d469197